Statystyki dla Logo marek samochodów.

Kliknij tutaj aby rozwiązać quiz!

Ogólne statystyki

  • Ten quiz został rozwiązany 424 razy
  • Średni wynik to 38 z 52

Statystyki odpowiedzi

Odpowiedź% Poprawnych
Audi
98%
BMW
98%
Honda
93%
Nissan
92%
Alfa Romeo
91%
Ford
91%
Jeep
91%
Kia
91%
Mercedes
91%
Opel
91%
Citroen
90%
Ferrari
90%
Fiat
90%
Jaguar
90%
Lamborghini
90%
Skoda
89%
Bentley
86%
Dacia
86%
Mazda
86%
Porsche
86%
Toyota
85%
Bugatti
84%
Tesla
83%
Chevrolet
81%
Lexus
81%
Seat
81%
Mini
78%
Land Rover
76%
Suzuki
76%
Volvo
76%
Hyundai
75%
Renault
75%
Subaru
73%
Peugeot
70%
Volkswagen
70%
Aston Martin
69%
Mitsubishi
68%
Dodge
60%
Maserati
60%
Saab
59%
Lancia
58%
Lotus
58%
Rover
51%
Alpina
48%
Cadillac
47%
Infiniti
47%
Daewoo
39%
Acura
38%
Chrysler
31%
Smart
27%
Daihatsu
17%
Lada
17%

Rozkład punktacji

Percentyl według liczby udzielonych odpowiedzi

Procent ludzi z każdym wynikiem

Twoja historia wyników

Nie rozwiązałeś tego quizu